00724nam a2200205 450000500170000000700040001700800040002102000150002504000090004005000230004924501840007226000460025630000230030244000500032550000500037565000270042570000190045270000210047170000260049220150609092554.0000000 a0813378370 aUOEL aSD387.S6bC66 1990 aCommunity & Forestry :bContinuities in the sociology of natural resources /cEdited by Robert G. Lee, Donald R. Field and William R. Burch Jr. with a forward by Cecil D. Andrus . aSan Francisco :bWestview Press ,cc1990. axiv,301 p, ;bill. aSocial Behavior and Natural Resources Series  aIncludes bibliographical references and index aCommunity and Forestry aLee, Robert G. aField, Donald R. aBurch, William R. Jr.